[Event "Remote Pyramide email"]
[Site "Remote email"]
[Date "2014.05.19"]
[Round "?"]
[White "Guelker, Lorenz"]
[Black "Wiedmann, Jochen"]
[Result "0-1"]
[WhiteElo "2000"]
[BlackElo "2087"]
[PlyCount "78"]
[EventDate "2014.??.??"]
[EventType "tourn (corr)"]
[EventRounds "6"]
[EventCountry "GER"]
[SourceTitle "Corr 2015"]
[Source "ChessBase"]
[SourceDate "2015.07.17"]
[SourceVersion "1"]
[SourceVersionDate "2015.07.17"]
[SourceQuality "1"]

1. d4 Nf6 2. Nc3 e6 3. e4 Bb4 4. e5 Nd5 5. Qg4 Kf8 6. Bg5 f6 7. Bd2 h5 8. Qg3 h4 9. Qf3 Bxc3 10. Bxc3 Nc6 11. 0-0-0 Nxc3 12. Qxc3 fxe5 13. dxe5 Qg5+ 14. Kb1 Qxe5 15. Qa3+ d6 16. Nf3 Qf6 17. g3 h3 18. Nd2 Qxf2 19. Bc4 Qc5 20. Rhf1+ Ke8 21. Qf3 Qg5 22. Qe2 Qe7 23. Bb5 Bd7 24. Nf3 Kd8 25. Bxc6 Bxc6 26. Nh4 Rh6 27. Rde1 Rf6 28. Rxf6 Qxf6 29. Rf1 Qe5 30. Qg4 Be8 31. Nf3 Qf6 32. Nd2 Qh6 33. Nf3 Kd7 34. Ng5 Ke7 35. Nxh3 e5 36. Ng1 Bc6 37. b3 g6 38. h4 Qh5 39. Qc4 Rf8 0-1

[Event "Remote Federal-ch email"]
[Site "Remote email"]
[Date "2013.09.11"]
[Round "?"]
[White "Gottsmann, Lothar"]
[Black "Wiedmann, Jochen"]
[Result "0-1"]
[WhiteElo "1961"]
[BlackElo "2076"]
[PlyCount "70"]
[EventDate "2013.??.??"]
[EventType "swiss (corr)"]
[EventRounds "12"]
[EventCountry "GER"]
[SourceTitle "Corr 2015"]
[Source "ChessBase"]
[SourceDate "2015.07.17"]
[SourceVersion "1"]
[SourceVersionDate "2015.07.17"]
[SourceQuality "1"]

1. d4 e6 2. c4 c5 3. Nf3 cxd4 4. Nxd4 Nc6 5. Nc3 Be7 6. e4 d6 7. Be3 Nf6 8. Be2 0-0 9. 0-0 Bd7 10. Nb3 b6 11. f3 Bc8 12. Kh1 Bb7 13. Bg5 Nxe4 14. Bxe7 Nxc3 15. Bxd8 Nxd1 16. Rfxd1 Rfxd8 17. Rac1 e5 18. a3 a5 19. Bd3 a4 20. Nd2 Nd4 21. Rc3 f5 22. Kg1 Kf7 23. Kf2 Kf6 24. Nf1 Ra5 25. Ng3 g6 26. Ne2 Ne6 27. b3 axb3 28. Rxb3 Nc5 29. Rxb6 Ra6 30. Rxa6 Bxa6 31. Nc1 Nxd3+ 32. Nxd3 Bxc4 33. Nb2 Bb3 34. Rc1 Ra8 35. Ra1 Rc8 0-1

[Event "Remote Federal-ch email"]
[Site "Remote email"]
[Date "2013.09.11"]
[Round "?"]
[White "Wiedmann, Jochen"]
[Black "Buchmann, Hans Peter"]
[Result "1/2-1/2"]
[WhiteElo "2076"]
[BlackElo "2191"]
[PlyCount "50"]
[EventDate "2013.??.??"]
[EventType "swiss (corr)"]
[EventRounds "12"]
[EventCountry "GER"]
[SourceTitle "Corr 2015"]
[Source "ChessBase"]
[SourceDate "2015.07.17"]
[SourceVersion "1"]
[SourceVersionDate "2015.07.17"]
[SourceQuality "1"]

1. d4 e6 2. Nf3 Nf6 3. h3 b6 4. Bf4 Be7 5. e3 Bb7 6. c4 c5 7. Nc3 cxd4 8. exd4 d5 9. Bd3 dxc4 10. Bxc4 Nc6 11. d5 exd5 12. Bxd5 Nxd5 13. Nxd5 Ne5 14. Bxe5 Qxd5 15. 0-0 f6 16. Bc3 Rd8 17. Qa4+ Qd7 18. Qxd7+ Rxd7 19. Rad1 Bxf3 20. gxf3 Rd6 21. f4 Kf7 22. Rxd6 Bxd6 23. Rd1 Rd8 24. Kg2 Ke7 25. Re1+ Kf7 1/2-1/2

[Event "Remote Pyramide email"]
[Site "Remote email"]
[Date "2013.08.06"]
[Round "?"]
[White "Wiedmann, Jochen"]
[Black "Warzecha, Helmut"]
[Result "0-1"]
[WhiteElo "2076"]
[BlackElo "2397"]
[PlyCount "70"]
[EventDate "2013.??.??"]
[EventType "tourn (corr)"]
[EventRounds "6"]
[EventCountry "GER"]
[SourceTitle "Corr 2015"]
[Source "ChessBase"]
[SourceDate "2015.07.17"]
[SourceVersion "1"]
[SourceVersionDate "2015.07.17"]
[SourceQuality "1"]

1. d4 Nf6 2. Nf3 e6 3. h3 c5 4. Bf4 Qb6 5. e4 Nxe4 6. Nbd2 Nxd2 7. Nxd2 d5 8. Be2 Nc6 9. Nf3 Qxb2 10. Rb1 Qxa2 11. 0-0 Be7 12. Bb5 0-0 13. Qc1 Qa5 14. Bxc6 bxc6 15. Ne5 Bd6 16. Nxc6 Qc7 17. Bxd6 Qxd6 18. Ne5 cxd4 19. f4 a5 20. Qd2 f6 21. Nf3 a4 22. Nxd4 e5 23. fxe5 fxe5 24. Rxf8+ Qxf8 25. Rf1 Qc5 26. c3 exd4 27. cxd4 Qd6 28. Qf2 Bd7 29. Qf7+ Kh8 30. Qf3 a3 31. Ra1 Bb5 32. Qe3 a2 33. Qc1 Bc4 34. Qc2 Qb6 35. Qc3 Qb1+ 0-1

[Event "Remote S7E-156 email"]
[Site "Remote email"]
[Date "2013.07.01"]
[Round "?"]
[White "Wiedmann, Jochen"]
[Black "Tortoza, Carlos Alberto"]
[Result "1-0"]
[WhiteElo "2064"]
[BlackElo "1656"]
[PlyCount "61"]
[EventDate "2013.??.??"]
[EventType "tourn (corr)"]
[EventRounds "6"]
[EventCountry "GER"]
[SourceTitle "Corr 2015"]
[Source "ChessBase"]
[SourceDate "2015.07.17"]
[SourceVersion "1"]
[SourceVersionDate "2015.07.17"]
[SourceQuality "1"]

1. d4 e6 2. Nf3 d6 3. Bf4 Nf6 4. h3 Be7 5. e3 0-0 6. c4 c5 7. Bd3 Bd7 8. Nc3 cxd4 9. exd4 d5 10. cxd5 exd5 11. 0-0 Nh5 12. Bh2 Nc6 13. Nxd5 Bd6 14. Bxd6 Re8 15. Nc7 Nf4 16. Nxe8 Nxd3 17. Nc7 Nxb2 18. Qe2 Na4 19. Nxa8 Qxa8 20. d5 Nd8 21. Rfe1 h6 22. Qc2 Nb6 23. Re7 Qc8 24. Qd3 Nc4 25. Bf4 b5 26. Rae1 Nb7 27. Ne5 Nxe5 28. Bxe5 Qd8 29. Qg3 Kf8 30. Bxg7+ Kg8 31. Bxh6+ 1-0

[Event "Remote S7E Pioneer-56 email"]
[Site "Remote email"]
[Date "2013.05.31"]
[Round "?"]
[White "Muster, Wolfgang"]
[Black "Wiedmann, Jochen"]
[Result "1-0"]
[WhiteElo "2287"]
[BlackElo "2043"]
[PlyCount "33"]
[EventDate "2013.??.??"]
[EventType "tourn (corr)"]
[EventRounds "6"]
[EventCountry "GER"]
[SourceTitle "Corr 2015"]
[Source "ChessBase"]
[SourceDate "2015.07.17"]
[SourceVersion "1"]
[SourceVersionDate "2015.07.17"]
[SourceQuality "1"]

1. d4 e6 2. e4 Nf6 3. Bd3 c5 4. e5 Nd5 5. dxc5 Bxc5 6. Qg4 g6 7. a3 Nc6 8. Nf3 Qc7 9. Qg3 h5 10. h4 Bd4 11. Nxd4 Nxd4 12. 0-0 Nxc2 13. Nd2 Nxa1 14. Nc4 Kf8 15. Nd6 Nb3 16. Be3 Ne7 17. Bg5 1-0

[Event "Remote S7E Easy-167 email"]
[Site "Remote email"]
[Date "2013.05.18"]
[Round "?"]
[White "Wiedmann, Jochen"]
[Black "Klein, Werner"]
[Result "1-0"]
[WhiteElo "1952"]
[BlackElo "1827"]
[PlyCount "57"]
[EventDate "2013.??.??"]
[EventType "tourn (corr)"]
[EventRounds "6"]
[EventCountry "GER"]
[SourceTitle "Corr 2015"]
[Source "ChessBase"]
[SourceDate "2015.07.17"]
[SourceVersion "1"]
[SourceVersionDate "2015.07.17"]
[SourceQuality "1"]

1. d4 e6 2. Nf3 d5 3. Bf4 Bd6 4. Bxd6 Qxd6 5. Nc3 Nf6 6. e3 0-0 7. Bd3 Qb4 8. a3 Qe7 9. 0-0 b6 10. e4 c5 11. exd5 Nxd5 12. Nxd5 exd5 13. Re1 Qd6 14. dxc5 bxc5 15. Ng5 g6 16. Be4 Bb7 17. c4 Qe5 18. Bxd5 Qxg5 19. Bxb7 Qf6 20. Bxa8 Qxb2 21. Qd6 Kg7 22. Bd5 Qf6 23. Qxc5 a6 24. Qe7 Nc6 25. Qxf6+ Kxf6 26. Bxc6 Rd8 27. Rac1 a5 28. c5 Rd3 29. Bb7 1-0

[Event "Remote S7E Pioneer-55 email"]
[Site "Remote email"]
[Date "2013.04.17"]
[Round "?"]
[White "Vehlow, Burkhard"]
[Black "Wiedmann, Jochen"]
[Result "1/2-1/2"]
[WhiteElo "2287"]
[BlackElo "2002"]
[PlyCount "93"]
[EventDate "2013.??.??"]
[EventType "tourn (corr)"]
[EventRounds "6"]
[EventCountry "GER"]
[SourceTitle "Corr 2015"]
[Source "ChessBase"]
[SourceDate "2015.07.17"]
[SourceVersion "1"]
[SourceVersionDate "2015.07.17"]
[SourceQuality "1"]

1. d4 e6 2. e4 c5 3. d5 exd5 4. exd5 Nf6 5. Nf3 d6 6. Nc3 Bg4 7. h3 Bh5 8. Be2 Be7 9. 0-0 0-0 10. Bf4 Nbd7 11. Re1 Bg6 12. Nh4 Ne4 13. Nxg6 fxg6 14. Nxe4 Rxf4 15. Bg4 Kh8 16. Qe2 Qc7 17. Bxd7 Qxd7 18. Nxc5 dxc5 19. Qxe7 Qxd5 20. Rad1 Rd4 21. Rxd4 cxd4 22. Re5 Qxa2 23. Qxb7 Qb1+ 24. Kh2 Rg8 25. Qb3 h6 26. Re7 a5 27. Re4 Rd8 28. f3 Kh7 29. Re7 Qc1 30. Rf7 Rg8 31. Qb6 Qxc2 32. Qxd4 Qe2 33. Ra7 Qb5 34. Kg3 Qb8+ 35. Kf2 Qb5 36. Rd7 Qf5 37. Re7 Qg5 38. Rc7 Qb5 39. Kg1 Qe2 40. Rd7 Qe1+ 41. Kh2 h5 42. h4 Qe2 43. Ra7 Qe1 44. b3 Kh6 45. Rd7 Kh7 46. Rb7 Kh8 47. Ra7 1/2-1/2

[Event "Remote S7E Pioneer-55 email"]
[Site "Remote email"]
[Date "2013.04.17"]
[Round "?"]
[White "Wiedmann, Jochen"]
[Black "Peschen, Rainer"]
[Result "0-1"]
[WhiteElo "2002"]
[BlackElo "2210"]
[PlyCount "108"]
[EventDate "2013.??.??"]
[EventType "tourn (corr)"]
[EventRounds "6"]
[EventCountry "GER"]
[SourceTitle "Corr 2015"]
[Source "ChessBase"]
[SourceDate "2015.07.17"]
[SourceVersion "1"]
[SourceVersionDate "2015.07.17"]
[SourceQuality "1"]

1. d4 f5 2. Nf3 Nf6 3. h3 g6 4. Bf4 Bg7 5. e3 d6 6. Nc3 0-0 7. Bd3 Nc6 8. Qd2 Bd7 9. 0-0-0 Nb4 10. Be2 c6 11. Rhg1 Nbd5 12. Bg3 b5 13. Nxd5 cxd5 14. Qb4 a5 15. Qb3 Qc7 16. Bd3 a4 17. Qb4 a3 18. b3 Rfc8 19. Ne1 e5 20. Kb1 Ne4 21. Bxe4 dxe4 22. dxe5 dxe5 23. f3 f4 24. Bf2 exf3 25. gxf3 Bf8 26. Qd2 fxe3 27. Bxe3 Bxh3 28. Rh1 Bf5 29. Rh2 Ra6 30. Qd5+ Re6 31. Rd3 Bb4 32. Bd2 Bxd2 33. Rhxd2 Qb6 34. b4 Bxd3 35. Nxd3 Rd8 36. Qb3 Kg7 37. Qxa3 Qg1+ 38. Qc1 Qe3 39. Rh2 Qxc1+ 40. Kxc1 h5 41. Kb2 Rf8 42. Rh3 Ref6 43. Nxe5 Rf5 44. Nd3 Rxf3 45. Rh4 Kh6 46. Rd4 g5 47. c4 bxc4 48. Ne5 R3f4 49. Rd1 g4 50. a4 g3 51. Rg1 Rg8 52. a5 g2 53. Kc3 h4 54. Nxc4 Rg3+ 0-1

[Event "Remote S7E Pioneer-55 email"]
[Site "Remote email"]
[Date "2013.04.17"]
[Round "?"]
[White "Winiger, Albert"]
[Black "Wiedmann, Jochen"]
[Result "1-0"]
[WhiteElo "2296"]
[BlackElo "2002"]
[PlyCount "131"]
[EventDate "2013.??.??"]
[EventType "tourn (corr)"]
[EventRounds "6"]
[EventCountry "GER"]
[SourceTitle "Corr 2015"]
[Source "ChessBase"]
[SourceDate "2015.07.17"]
[SourceVersion "1"]
[SourceVersionDate "2015.07.17"]
[SourceQuality "1"]

1. g3 d5 2. Nf3 c5 3. c4 dxc4 4. Na3 Nc6 5. Nxc4 b5 6. Nce5 Nxe5 7. Nxe5 Qd5 8. Nf3 Bb7 9. d3 Nf6 10. a4 c4 11. Bg2 cxd3 12. 0-0 Rd8 13. Qxd3 Qxd3 14. exd3 bxa4 15. Rxa4 a6 16. Rb4 Bd5 17. Rb6 Ra8 18. Ne5 Bxg2 19. Kxg2 Nd5 20. Rb7 g6 21. Be3 Bg7 22. Nc6 Rc8 23. Rc1 e6 24. Rc4 0-0 25. Bc5 Rfe8 26. Ba3 h5 27. h3 g5 28. Bd6 Bf8 29. Be5 Bg7 30. Bc3 f6 31. Kf3 Kh7 32. Nd4 Rxc4 33. dxc4 Nxc3 34. bxc3 Kg6 35. Ra7 e5 36. Nc6 Bf8 37. Rxa6 Bc5 38. g4 e4+ 39. Ke2 e3 40. f3 hxg4 41. hxg4 Kf7 42. Nd4 Re5 43. Rc6 Ba3 44. Rc7+ Ke8 45. Ra7 Bc1 46. Nf5 Kf8 47. Nd6 Rc5 48. Rf7+ Kg8 49. Rxf6 Kg7 50. Rf5 Rc6 51. c5 Kg6 52. Ne4 Ra6 53. Rxg5+ Kf7 54. f4 Ra2+ 55. Kf3 e2 56. Nd6+ Kf8 57. Re5 Ba3 58. Re8+ Kg7 59. Rxe2 Rxe2 60. Kxe2 Bxc5 61. Ne4 Bb6 62. c4 Bc7 63. Kf3 Kf7 64. c5 Ke7 65. g5 Kf7 66. f5 1-0

[Event "Remote Easter email"]
[Site "Remote email"]
[Date "2013.04.01"]
[Round "?"]
[White "Henkel, Phil"]
[Black "Wiedmann, Jochen"]
[Result "1/2-1/2"]
[WhiteElo "1817"]
[BlackElo "2064"]
[PlyCount "123"]
[EventDate "2013.??.??"]
[EventType "tourn (corr)"]
[EventRounds "8"]
[EventCountry "GER"]
[SourceTitle "Corr 2015"]
[Source "ChessBase"]
[SourceDate "2015.07.17"]
[SourceVersion "1"]
[SourceVersionDate "2015.07.17"]
[SourceQuality "1"]

1. Nf3 c5 2. c4 Nc6 3. Nc3 e6 4. g3 Nf6 5. Bg2 Be7 6. 0-0 0-0 7. d3 d5 8. cxd5 exd5 9. d4 cxd4 10. Nxd4 Nxd4 11. Qxd4 b6 12. Nxd5 Nxd5 13. Qxd5 Qxd5 14. Bxd5 Bh3 15. Bg2 Bxg2 16. Kxg2 f5 17. Be3 Rac8 18. Rac1 Kf7 19. Rfd1 Ke6 20. h4 h5 21. f3 g6 22. Kf2 Bd6 23. Rxc8 Rxc8 24. Rc1 Rxc1 25. Bxc1 Kd5 26. b3 Be5 27. Bd2 Bb2 28. Ke3 Be5 29. Be1 b5 30. Kd3 Bd6 31. e4+ fxe4+ 32. fxe4+ Kc5 33. Ke3 Be5 34. Kf3 a6 35. g4 Kd4 36. gxh5 gxh5 37. Bd2 Kd3 38. Bf4 Bf6 39. Bg3 Kd4 40. Be1 Be5 41. Bd2 Kd3 42. Bf4 Bf6 43. Bg3 Kd4 44. Bf2+ Kd3 45. Kf4 Be7 46. e5 Kc3 47. Kf5 Kb2 48. Kg6 Kxa2 49. Kxh5 Kxb3 50. Kg6 Kc4 51. h5 b4 52. h6 b3 53. h7 b2 54. h8Q b1Q+ 55. Kf7 Qb7 56. Kg6 a5 57. Qg8+ Kd3 58. Qa2 Qe4+ 59. Kf7 Qxe5 60. Qb3+ Ke2 61. Qc2+ Kf3 62. Bg1 1/2-1/2

[Event "Remote-ch Class3 email"]
[Site "Remote email"]
[Date "2013.04.01"]
[Round "?"]
[White "Jarecki, Marian"]
[Black "Wiedmann, Jochen"]
[Result "1-0"]
[WhiteElo "2227"]
[BlackElo "2064"]
[PlyCount "71"]
[EventDate "2013.??.??"]
[EventType "tourn (corr)"]
[EventRounds "6"]
[EventCountry "GER"]
[SourceTitle "Corr 2015"]
[Source "ChessBase"]
[SourceDate "2015.07.17"]
[SourceVersion "1"]
[SourceVersionDate "2015.07.17"]
[SourceQuality "1"]

1. e4 c5 2. Nf3 Nc6 3. Bb5 d6 4. 0-0 Bd7 5. Re1 e6 6. c3 Nf6 7. d4 cxd4 8. cxd4 Be7 9. Nc3 0-0 10. Bf4 a6 11. Bxc6 Bxc6 12. d5 Be8 13. dxe6 fxe6 14. Qb3 Nh5 15. Be3 Qd7 16. Red1 b5 17. e5 d5 18. Ne2 Rc8 19. Rac1 Kh8 20. Rxc8 Qxc8 21. Nfd4 g5 22. Rc1 Qd7 23. Qc3 Nf4 24. Qa5 Bh5 25. Nxf4 gxf4 26. Bd2 f3 27. Qxa6 fxg2 28. Nxe6 Rg8 29. Rc7 Qd6 30. exd6 Bf6 31. Qa7 Re8 32. Rxh7+ Kg8 33. Rxh5 Rxe6 34. Qh7+ Kf8 35. d7 Rd6 36. Bh6+ 1-0

[Event "Remote Easter email"]
[Site "Remote email"]
[Date "2013.04.01"]
[Round "?"]
[White "Wiedmann, Jochen"]
[Black "Noack, Thomas"]
[Result "1-0"]
[WhiteElo "2064"]
[BlackElo "2060"]
[PlyCount "65"]
[EventDate "2013.??.??"]
[EventType "tourn (corr)"]
[EventRounds "8"]
[EventCountry "GER"]
[SourceTitle "Corr 2015"]
[Source "ChessBase"]
[SourceDate "2015.07.17"]
[SourceVersion "1"]
[SourceVersionDate "2015.07.17"]
[SourceQuality "1"]

1. d4 d5 2. Nf3 Nf6 3. h3 e6 4. Bf4 Bd6 5. Ne5 0-0 6. Nd2 c5 7. Ndf3 cxd4 8. Qxd4 Ne4 9. e3 Qc7 10. Bd3 f6 11. Bxe4 dxe4 12. Ng6 Bxf4 13. Nxf8 exf3 14. Qxf4 Qxf4 15. exf4 fxg2 16. Rg1 Kxf8 17. Rxg2 Nc6 18. Rd1 e5 19. fxe5 fxe5 20. Rg3 Be6 21. c3 g6 22. b3 Ke7 23. Ke2 a5 24. Rb1 Rd8 25. Re3 Bf5 26. Rb2 Kf6 27. Rd2 Rxd2+ 28. Kxd2 Kg5 29. Ke2 h5 30. Rg3+ Kh4 31. Rf3 Bxh3 32. Rf7 Bg2 33. Ke3 1-0

[Event "Remote Easter email"]
[Site "Remote email"]
[Date "2013.04.01"]
[Round "?"]
[White "Wiedmann, Jochen"]
[Black "Wittal, Werner"]
[Result "0-1"]
[WhiteElo "2064"]
[BlackElo "2332"]
[PlyCount "64"]
[EventDate "2013.??.??"]
[EventType "tourn (corr)"]
[EventRounds "8"]
[EventCountry "GER"]
[SourceTitle "Corr 2015"]
[Source "ChessBase"]
[SourceDate "2015.07.17"]
[SourceVersion "1"]
[SourceVersionDate "2015.07.17"]
[SourceQuality "1"]

1. d4 Nf6 2. Nf3 g6 3. h3 Bg7 4. Bf4 0-0 5. e3 c5 6. c4 cxd4 7. exd4 d5 8. c5 Ne4 9. Nbd2 Nc6 10. a3 Nxd4 11. Nxd4 Bxd4 12. Nxe4 dxe4 13. Qd2 Bxc5 14. Bc4 Qxd2+ 15. Bxd2 Bd4 16. Bc3 Bxc3+ 17. bxc3 Rd8 18. 0-0 Bf5 19. Rfd1 Rxd1+ 20. Rxd1 Rc8 21. Bd5 Rxc3 22. g4 Bc8 23. Bxe4 Kg7 24. Rd3 Rxd3 25. Bxd3 Kf6 26. Kg2 Ke5 27. Kg3 Kd4 28. Bc2 b5 29. f4 a5 30. g5 b4 31. axb4 axb4 32. Ba4 Be6 0-1

[Event "Remote 1.MNS email"]
[Site "Remote email"]
[Date "2013.01.15"]
[Round "?"]
[White "Hauswald, Frank"]
[Black "Wiedmann, Jochen"]
[Result "0-1"]
[WhiteElo "2054"]
[BlackElo "2061"]
[PlyCount "86"]
[EventDate "2013.??.??"]
[EventType "tourn (corr)"]
[EventRounds "6"]
[EventCountry "GER"]
[SourceTitle "Corr 2015"]
[Source "ChessBase"]
[SourceDate "2015.07.17"]
[SourceVersion "1"]
[SourceVersionDate "2015.07.17"]
[SourceQuality "1"]

1. e4 c5 2. Nf3 Nc6 3. c3 e6 4. d4 cxd4 5. cxd4 Nf6 6. Nc3 Bb4 7. e5 Nd5 8. Bd2 d6 9. Nxd5 Bxd2+ 10. Qxd2 exd5 11. exd6 0-0 12. Be2 Qxd6 13. 0-0 Bf5 14. Rfe1 Rfe8 15. Bb5 a6 16. Bxc6 bxc6 17. Rac1 f6 18. Qc3 Rxe1+ 19. Rxe1 g5 20. Nd2 a5 21. Nb3 Qb4 22. f3 Qxc3 23. bxc3 a4 24. Nc5 a3 25. g4 Bg6 26. Re7 Rb8 27. Nb3 Bc2 28. Na5 Rb1+ 29. Kf2 Rb2 30. Kg3 Ba4 31. Rc7 Rxa2 32. Nxc6 Bxc6 33. Rxc6 Ra1 34. Ra6 a2 35. Kg2 Kf7 36. Ra7+ Ke6 37. Kh3 Kd6 38. Ra6+ Kc7 39. Ra3 Kc6 40. Kg2 Kb5 41. h3 Kc4 42. Kh2 Kd3 43. Kg2 Kc2 0-1

[Event "Remote 1.MNS email"]
[Site "Remote email"]
[Date "2013.01.15"]
[Round "?"]
[White "Nowak, Mathias"]
[Black "Wiedmann, Jochen"]
[Result "1-0"]
[WhiteElo "2306"]
[BlackElo "2061"]
[PlyCount "81"]
[EventDate "2013.??.??"]
[EventType "tourn (corr)"]
[EventRounds "6"]
[EventCountry "GER"]
[SourceTitle "Corr 2015"]
[Source "ChessBase"]
[SourceDate "2015.07.17"]
[SourceVersion "1"]
[SourceVersionDate "2015.07.17"]
[SourceQuality "1"]

1. e4 c5 2. Nf3 Nc6 3. Bb5 d6 4. 0-0 Bd7 5. c3 Nf6 6. d4 Nxe4 7. d5 Ne5 8. Bxd7+ Qxd7 9. Nxe5 dxe5 10. Re1 Nf6 11. c4 e6 12. Rxe5 Bd6 13. dxe6 fxe6 14. Re1 0-0 15. Nc3 Rad8 16. Qe2 Rfe8 17. Bg5 h6 18. Bxf6 gxf6 19. Rad1 Qg7 20. Ne4 Bf8 21. Ng3 Qf7 22. Rxd8 Rxd8 23. Qg4+ Bg7 24. Rxe6 Qd7 25. f3 Kf7 26. Re2 Qd1+ 27. Kf2 Qd4+ 28. Qxd4 Rxd4 29. Nf5 Rd7 30. g4 a6 31. Ke3 Bf8 32. Rd2 Rxd2 33. Kxd2 Ke6 34. Ke3 Kf7 35. a4 Kg8 36. Ke4 Kf7 37. Kd5 Kg6 38. h4 h5 39. a5 Kh7 40. gxh5 Kg8 41. Ke6 1-0

[Event "Remote 1.MNS email"]
[Site "Remote email"]
[Date "2013.01.15"]
[Round "?"]
[White "Wiedmann, Jochen"]
[Black "Buchmann, Hans Peter"]
[Result "0-1"]
[WhiteElo "2061"]
[BlackElo "2244"]
[PlyCount "74"]
[EventDate "2013.??.??"]
[EventType "tourn (corr)"]
[EventRounds "6"]
[EventCountry "GER"]
[SourceTitle "Corr 2015"]
[Source "ChessBase"]
[SourceDate "2015.07.17"]
[SourceVersion "1"]
[SourceVersionDate "2015.07.17"]
[SourceQuality "1"]

1. d4 f5 2. Nf3 Nf6 3. h3 e6 4. Bf4 Nc6 5. e3 Bb4+ 6. Nbd2 0-0 7. Bd3 Bd6 8. Ne5 Nd5 9. Nxc6 bxc6 10. Bxd6 cxd6 11. c4 Nb4 12. Be2 c5 13. 0-0 Bb7 14. d5 exd5 15. a3 Nc6 16. cxd5 Ne7 17. Bc4 Nc8 18. Bb3 Qf6 19. Rb1 Re8 20. Qe2 a5 21. Qb5 Ba6 22. Qxa5 Ne7 23. Rfe1 Bd3 24. Qc7 Ng6 25. Nc4 f4 26. Rbd1 Bxc4 27. Bxc4 Ne5 28. b3 Rec8 29. Qb6 f3 30. g3 Rxa3 31. Rd2 Qf5 32. Kh2 Rca8 33. Qxd6 Ra1 34. Red1 Nxc4 35. bxc4 Rxd1 36. Rxd1 Qc2 37. Rf1 Qe2 0-1

[Event "Remote 1.MNS email"]
[Site "Remote email"]
[Date "2013.01.15"]
[Round "?"]
[White "Wiedmann, Jochen"]
[Black "Peschen, Rainer"]
[Result "0-1"]
[WhiteElo "2061"]
[BlackElo "2061"]
[PlyCount "124"]
[EventDate "2013.??.??"]
[EventType "tourn (corr)"]
[EventRounds "6"]
[EventCountry "GER"]
[SourceTitle "Corr 2015"]
[Source "ChessBase"]
[SourceDate "2015.07.17"]
[SourceVersion "1"]
[SourceVersionDate "2015.07.17"]
[SourceQuality "1"]

1. d4 f5 2. Nf3 Nf6 3. h3 g6 4. Bf4 Bg7 5. e3 d6 6. Nc3 0-0 7. Bd3 Nc6 8. 0-0 e6 9. Rb1 Qe7 10. b4 a5 11. a3 axb4 12. axb4 e5 13. Bc4+ Be6 14. dxe5 Bxc4 15. exf6 Qxf6 16. Ne2 Ba2 17. Rc1 Nxb4 18. Qd2 Na6 19. Bg5 Qf7 20. Bf4 Nc5 21. Ng5 Ne4 22. Nxe4 fxe4 23. Nc3 Bc4 24. Rfd1 d5 25. Rb1 c6 26. Bd6 Bxc3 27. Qxc3 Qxf2+ 28. Kh1 Rf7 29. Be5 Raf8 30. Bd6 Re8 31. Rd2 Qh4 32. Ba3 h5 33. Kh2 Qd8 34. Kg1 Qc7 35. Rf2 Rxf2 36. Kxf2 c5 37. Kg1 Rf8 38. Bb2 Kh7 39. Qe5 Qxe5 40. Bxe5 b5 41. Ra1 Rf5 42. Ra7+ Kg8 43. Re7 Rf1+ 44. Kh2 Re1 45. Rg7+ Kf8 46. Rxg6 Rxe3 47. Bd6+ Kf7 48. Bxc5 Re2 49. Rh6 Rxc2 50. Rxh5 Bf1 51. Rxd5 Rxg2+ 52. Kh1 Ke6 53. Rd6+ Ke5 54. Rd1 Rc2 55. Bd4+ Kd5 56. Be3+ Bd3 57. h4 Re2 58. Bg5 Kc4 59. h5 e3 60. h6 Be4+ 61. Kg1 Rg2+ 62. Kh1 Rd2+ 0-1

[Event "Remote S7E Basic-62 email"]
[Site "Remote email"]
[Date "2013.01.13"]
[Round "?"]
[White "Peschen, Rainer"]
[Black "Wiedmann, Jochen"]
[Result "1-0"]
[WhiteElo "2061"]
[BlackElo "2057"]
[PlyCount "73"]
[EventDate "2013.??.??"]
[EventType "tourn (corr)"]
[EventRounds "6"]
[EventCountry "GER"]
[SourceTitle "Corr 2015"]
[Source "ChessBase"]
[SourceDate "2015.07.17"]
[SourceVersion "1"]
[SourceVersionDate "2015.07.17"]
[SourceQuality "1"]

1. d4 e6 2. e4 c5 3. Be3 cxd4 4. Bxd4 Nc6 5. Nc3 Nxd4 6. Qxd4 Ne7 7. Bc4 Nc6 8. Qd2 Qf6 9. f4 Bb4 10. Nge2 Qg6 11. 0-0-0 Qxg2 12. Rhg1 Qxh2 13. a3 Bc5 14. Rxg7 Kf8 15. Rg5 Qf2 16. Kb1 h6 17. Rg3 Rg8 18. Rh3 Ke8 19. e5 Rg6 20. Bd3 Qg2 21. Rh5 Nd4 22. Bxg6 Qxg6 23. Rdh1 Nf5 24. Ne4 Be7 25. Nd4 Nh4 26. R5xh4 Qxe4 27. Rxh6 d6 28. Rh8+ Kd7 29. exd6 Bxd6 30. Rd1 Qd5 31. c4 Qe4+ 32. Ka1 Qxf4 33. Qa5 b6 34. Qb5+ Ke7 35. Qe8+ Kf6 36. Rh7 Kg6 37. Qg8+ 1-0

[Event "Remote S7E Basic-62 email"]
[Site "Remote email"]
[Date "2013.01.13"]
[Round "?"]
[White "Wiedmann, Jochen"]
[Black "Voelker, Michael"]
[Result "0-1"]
[WhiteElo "2057"]
[BlackElo "2000"]
[PlyCount "110"]
[EventDate "2013.??.??"]
[EventType "tourn (corr)"]
[EventRounds "6"]
[EventCountry "GER"]
[SourceTitle "Corr 2015"]
[Source "ChessBase"]
[SourceDate "2015.07.17"]
[SourceVersion "1"]
[SourceVersionDate "2015.07.17"]
[SourceQuality "1"]

1. d4 g6 2. Nf3 Bg7 3. Bf4 d6 4. e3 Nd7 5. Bd3 e5 6. Bg3 Qe7 7. Nc3 c6 8. 0-0 Ngf6 9. dxe5 Nxe5 10. Nxe5 dxe5 11. Bh4 Qb4 12. Bxf6 Bxf6 13. Qf3 Bg7 14. a3 Qg4 15. Qxg4 Bxg4 16. f3 Be6 17. Ne4 Rd8 18. Ng5 Bh6 19. Nxe6 Bxe3+ 20. Kh1 fxe6 21. Rad1 Ke7 22. Be4 a6 23. g3 Rd4 24. c3 Rxd1 25. Rxd1 Rd8 26. Rxd8 Kxd8 27. Kg2 Bc1 28. b3 Bxa3 29. Kf1 Bb2 30. c4 Ke7 31. Ke2 a5 32. Kd3 Bd4 33. Kd2 Bg1 34. h3 Bh2 35. g4 Kf6 36. Kd3 Kg5 37. Ke3 Kh4 38. Ke2 Kxh3 39. Kf1 Bf4 40. Kf2 Bc1 41. Bc2 Ba3 42. Ke3 Kg3 43. Ke4 h5 44. gxh5 gxh5 45. Kxe5 h4 46. Be4 b5 47. cxb5 cxb5 48. f4 Bb2+ 49. Kxe6 a4 50. bxa4 bxa4 51. f5 a3 52. Bd5 h3 53. f6 Bxf6 54. Kxf6 h2 55. Ke5 a2 0-1